| 000 | 00869nam a2200229Ia 4500 | ||
|---|---|---|---|
| 999 |
_c42030 _d42030 |
||
| 001 | 8720 | ||
| 003 | GE_BSU | ||
| 005 | 20240530154217.0 | ||
| 008 | 181216s2012||||ge |||||||||||||| ||geo|| | ||
| 020 | _a9789941198281 | ||
| 040 | _cGE_BSU | ||
| 041 | _ageo | ||
| 100 |
_aდუმბაძე, ნოდარ _91321 |
||
| 245 |
_aთეთრი ბაირაღები : _bრომანი / _cნოდარ დუმბაძე ; რედაქტორი ხათუნა ნონიაშვილი. |
||
| 264 |
_aთბილისი : _bპალიტრა L, _c2012. |
||
| 300 |
_a319 გვ. ; _c17სმ. |
||
| 541 | _h5ლ. | ||
| 653 | _aთეთრი ბაირაღები | ||
| 653 | _aრომანი | ||
| 700 |
_aნონიაშვილი, ხათუნა _eრედაქტორი _915791 |
||
| 942 |
_cBK _2udc |
||